| 000 | 00742cam a2200217 4500 | ||
|---|---|---|---|
| 001 | ABS61806 | ||
| 008 | 000000n2000 000 0 eng u | ||
| 035 | _a(Sirsi) u103993 | ||
| 100 | _aHindle, A. | ||
| 245 | _aForcing the issue | ||
| 260 | _c2000 | ||
| 490 |
_aEstates Gazette _v(0003) 22 January 2000, 124-125(2) |
||
| 520 | _aDiscusses how the Civil Procedure Rules have affected the way in which applications for new business tenancies under Part II of the Landlord and Tenant Act 1954 are handled. | ||
| 590 | _aABS | ||
| 650 | _aLANDLORD AND TENANT ACT 1954 | ||
| 650 | _aCIVIL PROCEDURE RULES | ||
| 650 | _aWOOLF REFORMS | ||
| 650 | _aBUSINESS TENANCIES | ||
| 690 | _aLANDLORD AND TENANT-BUSINESS TENANCIES | ||
| 942 | _n0 | ||
| 999 |
_c62413 _d62413 |
||